000 00678nam a2200241Ia 4500
003 OSt
005 20220926022849.0
006 a|||||r|||| 00| 0
007 ta
008 220923b |||||||| |||| 00| 0 eng d
020 _a0393976483
037 _cGeneral Book
040 _aRTL
_cRTL
_beng
041 _2eng
_aeng
082 _aX:(B2892), P2
100 _aWatson Joel
_9328373
245 0 _aStrategy
_b An introduction to game theory
260 _aNew York
_bW W Norton U S A
_c2002
300 _axv, 334p. Appendix p293-314
_ccm.
650 _aEconomic statistics
942 _hX:(B2892), P2
_cGB
_2CC
999 _c640481
_d640481